| 000 | 00427nam a2200181Ia 4500 | ||
|---|---|---|---|
| 008 | 230524s9999 xx 000 0 und d | ||
| 020 | _a8125918523 | ||
| 082 |
_a658.45 _bMAH |
||
| 100 | _aS.N.Maheshwari | ||
| 245 | 0 | _aFinancial Accounting | |
| 250 | _a1ST | ||
| 260 |
_aCUTTACK _bVikas _c2008 |
||
| 300 | _aVI;21-28 | ||
| 500 | _aQuantity Number: 5 | ||
| 650 | _aManagement | ||
| 700 | _a S.K.Maheshwari | ||
| 942 | _cBK | ||
| 999 |
_c38603 _d38603 |
||